Guide to Patterns and Usage in English (Record no. 1910)

MARC details
000 -LEADER
fixed length control field 00356nam a2200145Ia 4500
008 - FIXED-LENGTH DATA ELEMENTS--GENERAL INFORMATION
fixed length control field 191201s2005 xx 000 0 und d
082 ## - DEWEY DECIMAL CLASSIFICATION NUMBER
Classification number 429
Item number HOG
100 ## - MAIN ENTRY--PERSONAL NAME
Personal name HORNBY, A S
245 #0 - TITLE STATEMENT
Title Guide to Patterns and Usage in English
250 ## - EDITION STATEMENT
Edition statement 2nd
260 ## - PUBLICATION, DISTRIBUTION, ETC. (IMPRINT)
Place of publication, distribution, etc N.Delhi
Name of publisher, distributor, etc Oxford Universty Press
Date of publication, distribution, etc 2005
300 ## - PHYSICAL DESCRIPTION
Extent 238
650 ## - SUBJECT ADDED ENTRY--TOPICAL TERM
Topical term or geographic name as entry element Applied
942 ## - ADDED ENTRY ELEMENTS (KOHA)
Source of classification or shelving scheme Dewey Decimal Classification
Koha item type Text Books
Holdings
Withdrawn status Lost status Source of classification or shelving scheme Damaged status Not for loan Collection code Home library Current library Date acquired Source of acquisition Cost, normal purchase price Bill Number Total Checkouts Full call number Acc. no. / Barcode Date last seen Bill Date Koha item type
    Dewey Decimal Classification     Applied Sc. PIET C-LIBRARY PIET C-LIBRARY 05/09/2006 M/s UBS, Delhi 105.00 125382   429 HOG 3500 04/12/2019 23/08/2005 Text Books
    Dewey Decimal Classification     Applied Sc. PIET C-LIBRARY PIET C-LIBRARY 26/08/2007 J B C, New Delhi 105.00 998   429 HOG 8255 04/12/2019 13/09/2007 Text Books
    Dewey Decimal Classification     Applied Sc. PIET C-LIBRARY PIET C-LIBRARY 26/08/2007 J B C, New Delhi 105.00 998   429 HOG 8256 04/12/2019 13/09/2007 Text Books
    Dewey Decimal Classification     Applied Sc. PIET C-LIBRARY PIET C-LIBRARY 26/08/2007 J B C, New Delhi 105.00 998   429 HOG 8257 04/12/2019 13/09/2007 Text Books
    Dewey Decimal Classification     Applied Sc. PIET C-LIBRARY PIET C-LIBRARY 26/08/2007 J B C, New Delhi 105.00 998   429 HOG 8258 04/12/2019 13/09/2007 Text Books
    Dewey Decimal Classification     Applied Sc. PIET C-LIBRARY PIET C-LIBRARY 26/08/2007 J B C, New Delhi 105.00 998   429 HOG 8259 04/12/2019 13/09/2007 Text Books

Design & Developed by: PIET Central Library
R70 Miles Stone Pattikalyana Samalkha Panipat 132102
mail ID :- [email protected], Phone No:- 0180-2569700 Ex.216